| 000 | 00587nam a22002057a 4500 | ||
|---|---|---|---|
| 003 | SISC | ||
| 005 | 20160628101748.0 | ||
| 008 | 160628b xxu||||| |||| 00| 0 eng d | ||
| 020 | _a978-971-07-2715-5 | ||
| 050 |
_aPL 6061.2 _b.J63 2011 |
||
| 082 |
_aTR 398.2 _bM977 2011 |
||
| 100 |
_aMurillo, Lydia _9716 |
||
| 245 |
_aAlab ng lahi: _cLydia R. Murillo _bibong adarna / |
||
| 260 |
_aQuezon City, Philippines : _bVibal Publishing, _c2011. |
||
| 300 |
_a202 p. _c25 cm. _bcol. : ill. ; |
||
| 562 | _e1 | ||
| 650 |
_aFolklore _xPhilippines _9717 |
||
| 942 |
_2lcc _cBK |
||
| 999 |
_c6714 _d6714 |
||